| 000 | 00558nam a2200217Ia 4500 | ||
|---|---|---|---|
| 003 | OSt | ||
| 005 | 20250828104653.0 | ||
| 008 | 210210b2007 xxu||||| |||| 00| 0 eng d | ||
| 020 | _a9780324537741 | ||
| 040 | _cAL | ||
| 041 | _aeng | ||
| 082 | _a658.4 DUBF | ||
| 100 |
_aAndrew J Dubrin _9237225 |
||
| 245 | _aFundamentals of organizational behavior | ||
| 260 |
_aAustralia _bThomson South Western _c2007 |
||
| 300 | _axvii-426p | ||
| 650 |
_aorganizational _9237226 |
||
| 690 |
_aExecutive Management _9237227 |
||
| 906 | _a066125 | ||
| 942 |
_2ddc _cBK |
||
| 999 |
_c146592 _d146592 |
||